| 000 | 01404nam a22002177a 4500 | ||
|---|---|---|---|
| 999 |
_c3700 _d3700 |
||
| 003 | OSt | ||
| 005 | 20240910144920.0 | ||
| 008 | 240910b ||||| |||| 00| 0 eng d | ||
| 020 | _a9780141190280 | ||
| 040 | _cKH8 | ||
| 082 | _a822.33 WIL | ||
| 100 |
_aWilliams, Tennessee, _eauthor. |
||
| 245 |
_aCat on a Hot Tin Roof / _cTennessee Williams. |
||
| 260 |
_aLondon; _bPenguin, _c2009. |
||
| 300 |
_axv, 123 pages ; _c20 cm. |
||
| 520 | _aA sizzling drama of desire, avarice and deception set in the American Deep South, Tennessee Williams's Cat on a Hot Tin Roof is published in Penguin Modern Classics.'Big Daddy' Pollitt, the richest cotton planter in the Mississippi Delta, is about to celebrate his sixty-fifth birthday. His two sons have returned home for the occasion: Gooper, his wife and children, Brick, an ageing football hero who has turned to drink, and his feisty wife Maggie. As the hot summer evening unfolds, the veneer of happy family life and Southern gentility gradually slips away as unpleasant truths emerge and greed, lies, jealousy and suppressed sexuality threaten to reach boiling point. Made into a film starring Elizabeth Taylor and Paul Newman, Cat on a Hot Tin Roof is a masterly portrayal of family tensions and individuals trapped in prisons of their own making. | ||
| 650 | _aDomestic drama | ||
| 650 | _aDrama | ||
| 650 | _aFathers and sons drama | ||
| 942 |
_2ddc _cTR |
||